| 000 | 01161nam a22003377a 4500 | ||
|---|---|---|---|
| 003 | EG-ScBUE | ||
| 005 | 20250408132243.0 | ||
| 008 | 110602s2008 enk f 000 f eng d | ||
| 020 | _a9781405865272 | ||
| 040 |
_aEG-ScBUE _beng _erda _cEG-ScBUE _dEG-ScBUE |
||
| 041 | 1 |
_aeng _hfre |
|
| 082 | 0 | 4 |
_222 _a843.7 _bHUG |
| 100 | 1 |
_924065 _aHugo, Victor, _d1802-1885, _eauthor. |
|
| 245 | 1 | 4 |
_aLes misérables / _cVictor Hugo ; translated by Norman Denny ; retold by Chris Rice. |
| 264 | 1 |
_aHarlow, England : _bPearson Education Limited, _c2008. |
|
| 300 |
_a105 pages ; _c20 cm. |
||
| 336 |
_2rdacontent _atext _btxt |
||
| 337 |
_2rdamedia _aunmediated _bn |
||
| 338 |
_2rdacarrier _avolume _bnc |
||
| 490 | 0 |
_aPenguin readers ; _vlevel 6 |
|
| 521 | _aC1: Advanced | ||
| 546 | _aText in English ; translated from the original French. | ||
| 650 | 7 |
_aDetective and mystery stories. _2BUEsh _934224 |
|
| 650 |
_924586 _aPoor _zFrance _vFiction. _2BUEsh |
||
| 651 | _2BUEsh | ||
| 653 |
_cJune2011 _bHHUUEENN |
||
| 655 |
_vReading book _934232 |
||
| 700 | 1 |
_924045 _aRice, Chris, _econtributor. |
|
| 700 | 1 |
_924584 _aDenny, Norman, _etranslator. |
|
| 942 |
_2ddc _cBB |
||
| 999 |
_c15517 _d15517 |
||